000
00416nam a2200169Ia 4500
008
090711s9999 xx 000 0 und d
082
_b
76756
100
_a
यशवंत कवी
245
_a
यशोधन
260
_c
1929
300
_a
160
600
_a
यशवंत कवी
630
_a
यशोधन
700
_a
यशवंत कवी
730
_a
यशोधन
942
_c
BOOK
999
_c
292559
_d
292559